Homenaje a Gracían

Gespeichert in:
Bibliographische Detailangaben
Hauptverfasser: Aubrun, Charles V (VerfasserIn), Baquero Goyanes, Mariano (VerfasserIn), Camón Aznar, José (VerfasserIn), Correa Calderón, E (VerfasserIn), García Blanco, Manuel (VerfasserIn), Gili Gaya, Samuel (VerfasserIn), Green, O. H (VerfasserIn), Hatzfeld, Helmut Anthony (VerfasserIn), Jankélévitch, Vladimir (VerfasserIn), Maldonado, F (VerfasserIn), Morreale, M (VerfasserIn), Sarmiento, E (VerfasserIn), Selig, K. L (VerfasserIn), Ynduráin, Francisco (VerfasserIn)
Format: Buch
Sprache:Spanisch
Veröffentlicht: Zaragoza Cátedra Gracian 1958
Schriftenreihe:Publicaciones del Centenario de Baltazar Gracian, 1
Schlagworte:
Tags: Tag hinzufügen
Keine Tags, Fügen Sie den ersten Tag hinzu!

MARC

LEADER 00000nam a2200000 a 4500
001 UCZ9110
003 CL-VaPUC
008 960301e19580000SP |||||||||||||||||spa|d
082 0 4 |a 863.09  |b AUB  |2 21 
100 0 |a Aubrun, Charles V  |e author  |9 354321 
700 0 |a Baquero Goyanes, Mariano  |e author  |9 354322 
700 0 |a Camón Aznar, José  |e author  |9 354323 
700 0 |a Correa Calderón, E  |e author  |9 354324 
700 |a García Blanco, Manuel  |e author  |9 419375 
700 |a Gili Gaya, Samuel  |e author  |9 524203 
700 0 |a Green, O. H  |e author  |9 354327 
700 |a Hatzfeld, Helmut Anthony  |e author  |9 374776 
700 |a Jankélévitch, Vladimir  |e author  |9 457878 
700 0 |a Maldonado, F  |e author  |9 354330 
700 0 |a Morreale, M  |e author  |9 354331 
700 0 |a Sarmiento, E  |e author  |9 354332 
700 0 |a Selig, K. L  |e author  |9 354333 
700 0 |a Ynduráin, Francisco  |e author  |9 354334 
245 1 0 |a Homenaje a Gracían 
300 |a 189 p 
942 |c BK 
945 |d 19960301 00:00:00  |a rleighto 
260 |a Zaragoza  |b Cátedra Gracian  |c 1958 
600 0 7 |a GRACIAN Y MORALES, BALTASAR  |2 CL-VaPUC  |9 314545 
650 0 |a Literatura española  |9 306261 
650 7 |a NOVELA ESPAÑOLA  |2 CL-VaPUC  |9 313139 
650 0 |a Crítica e interpretación   |9 255042 
583 |a last modification  |c 19960301 00:00:00  |k Rodrigo Vera 
490 0 |a Publicaciones del Centenario de Baltazar Gracian, 1 
999 |c 244693  |d 244691 
952 |0 0  |1 0  |4 0  |6 863_090000000000000_AUB_1958  |7 0  |8 A  |9 258854  |a BIBEDU  |b BIBEDU  |d 2019-11-19  |i 3173976  |o 863.09 AUB 1958  |p 3173976  |r 2019-11-19  |w 2019-11-19  |y BK  |k LIT